=LDR 00000nam 2200000 4500 =001 INLIS000000000002692 =005 20130612091021 =008 ***********************************Ind** =035 ##$$0010-061300000002692 =041 ##$$a Ind =082 ##$$a 375 =090 ##$$a 375, Sun p =100 ##$$a Sunarto =245 ##$$a Perkembangan peserta didik, Sunarto =260 ##$$a 1999 $b Jakarta =300 ##$$a ix,245 hlm, ilus, 21 cm =650 ##$$a Pendidikan =650 ##$$a Kurikulum =850 ##$$a NBPNMAT